000
00314nam a22001337a 4500
003
OSt
008
150615b xxu||||| |||| 00| 0 eng d
100
1
_a
Cherrystone Auction Galleries
041
_a
eng
245
1
0
_a
Russia
246
1
0
_a
January 20, 2010
260
_b
Cherrystone Auction Galleries
300
_a
0 pages
999
_c
1571
_d
1571